Culture Secretary announces halving of lottery cash spent on buildings (Record no. 64054)
[ view plain ]
| 000 -LEADER | |
|---|---|
| fixed length control field | 00797cam a2200205 4500 |
| 001 - CONTROL NUMBER | |
| control field | WB3627-02 |
| 008 - FIXED-LENGTH DATA ELEMENTS--GENERAL INFORMATION | |
| fixed length control field | 000000n2000 000 0 eng u |
| 035 ## - SYSTEM CONTROL NUMBER | |
| System control number | (Sirsi) u107125 |
| 245 ## - TITLE STATEMENT | |
| Title | Culture Secretary announces halving of lottery cash spent on buildings |
| 260 ## - PUBLICATION, DISTRIBUTION, ETC. | |
| Date of publication, distribution, etc. | 2000 |
| 490 ## - SERIES STATEMENT | |
| Series statement | DCMS News Release |
| Volume/sequential designation | (169/2000) 4 July 2000, (4) |
| 520 ## - SUMMARY, ETC. | |
| Summary, etc. | Gives details of government reforms that have led to major changes in the way lottery money is distributed. In 1995/96, 97% of the total money was spent on capital projects but by March 2000 this proportion had dropped to 42%. |
| 590 ## - LOCAL NOTE (RLIN) | |
| Local note | WB |
| 650 ## - SUBJECT ADDED ENTRY--TOPICAL TERM | |
| Topical term or geographic name entry element | LOTTERY FUNDING |
| 650 ## - SUBJECT ADDED ENTRY--TOPICAL TERM | |
| Topical term or geographic name entry element | LOTTERY GRANTS |
| 650 ## - SUBJECT ADDED ENTRY--TOPICAL TERM | |
| Topical term or geographic name entry element | CAPITAL PROJECTS |
| 650 ## - SUBJECT ADDED ENTRY--TOPICAL TERM | |
| Topical term or geographic name entry element | BUILDING PROJECTS |
| 690 ## - LOCAL SUBJECT ADDED ENTRY--TOPICAL TERM (OCLC, RLIN) | |
| Topical term or geographic name as entry element | BUILT ENVIRONMENT-CONSTRUCTION MARKET |
| 942 ## - ADDED ENTRY ELEMENTS (KOHA) | |
| Suppress in OPAC | 0 |
| Withdrawn status | Lost status | Source of classification or shelving scheme | Damaged status | Not for loan | Home library | Current library | Shelving location | Date acquired | Total Checkouts | Full call number | Barcode | Date last seen | Copy number | Price effective from | Koha item type |
|---|---|---|---|---|---|---|---|---|---|---|---|---|---|---|---|
| Dewey Decimal Classification | London | London | News article | 13/07/2000 | WB3627-02 | 107125-1001 | 06/08/2019 | 1 | 06/08/2019 | News article |